[Event "Fagernes GM-A 2019"]
[Site "Fagernes"]
[Date "2019.04.19"]
[Round "7.18"]
[White "Lindbol, Aleksander"]
[Black "Grover, Sigurd Loe"]
[Result "1/2-1/2"]
[WhiteElo "2139"]
[BlackElo "2020"]
[Annotator "NA"]
[PlyCount "135"]
[EventDate "2019.04.14"]
[EventType "tourn"]
[EventCountry "NOR"]
[SourceTitle "playchess.com"]
[Source "ChessBase"]
[SourceQuality "1"]
[TimeControl "40/7200:3600"]

1. e4 {[%emt 0:00:03]} e6 {[%emt 0:00:08]} 2. d4 {[%emt 0:00:08]} d5 {[%emt 0:00:05]} 3. Nd2 {[%emt 0:00:08]} Nf6 {[%emt 0:00:21]} 4. e5 {[%emt 0:00:09]} Nfd7 {[%emt 0:00:06]} 5. Bd3 {[%emt 0:00:06]} c5 {[%emt 0:00:04]} 6. c3 {[%emt 0:00:04]} Nc6 {[%emt 0:00:05]} 7. Ne2 {[%emt 0:00:04]} cxd4 {[%emt 0:00:09]} 8. cxd4 {[%emt 0:00:06]} f6 {[%emt 0:00:06]} 9. exf6 {[%emt 0:00:17]} Nxf6 {[%emt 0:00:05]} 10. O-O {[%emt 0:00:07]} Bd6 {[%emt 0:00:05]} 11. Nf3 {[%emt 0:00:06]} Qc7 {[%emt 0:00:33]} 12. Bg5 {[%emt 0:00:15]} O-O {[%emt 0:00:19]} 13. Bh4 {[%emt 0:00:07]} Nh5 {[%emt 0:00:40]} 14. Qc2 {[%emt 0:00:21]} h6 {[%emt 0:00:48]} 15. Bh7+ {[%emt 0:00:18]} Kh8 {[%emt 0:00:06]} 16. Bg6 {[%emt 0:00:04]} Rxf3 {[%emt 0:00:19]} 17. Bxh5 {[%emt 0:00:06]} Rf5 {[%emt 0:00:06]} 18. Bg6 {[%emt 0:00:31]} Rf8 {[%emt 0:01:29]} 19. Bg3 {[%emt 0:00:56]} Bd7 {[%emt 0:02:27]} 20. Qd2 {[%emt 0:02:51]} Be8 {[%emt 0:08:15]} 21. Bc2 {[%emt 0:08:26]} Rf6 {[%emt 0:06:41]} 22. Rac1 {[%emt 0:07:11]} Bh5 {[%emt 0:03:01]} 23. Qd3 {[%emt 0:09:11]} Bg6 {[%emt 0:01:46]} 24. Qe3 {[%emt 0:00:30]} Bxc2 {[%emt 0:06:54]} 25. Rxc2 {[%emt 0:00:37]} Raf8 {[%emt 0:00:43]} 26. b4 {[%emt 0:18:08]} Bxg3 {[%emt 0:03:10]} 27. hxg3 {[%emt 0:05:30]} Qb6 {[%emt 0:01:04]} 28. a3 {[%emt 0:01:38]} e5 {[%emt 0:01:45]} 29. Rc5 {[%emt 0:02:56]} exd4 {[%emt 0:27:49]} 30. Nxd4 {[%emt 0:02:47]} a5 {[%emt 0:02:11]} 31. Rxd5 {[%emt 0:14:41]} axb4 {[%emt 0:01:01]} 32. axb4 {[%emt 0:00:05]} Qxb4 {[%emt 0:03:20]} 33. Nf3 {[%emt 0:00:15]} Qc4 {[%emt 0:08:19]} 34. Rfd1 {[%emt 0:07:37]} b5 {[%emt 0:05:02]} 35. Rc5 {[%emt 0:14:04]} Qa4 {[%emt 0:00:29]} 36. Rdc1 {[%emt 0:01:30]} Na5 {[%emt 0:11:46]} 37. Ne5 {[%emt 0:16:36]} Qb3 {[%emt 0:06:18]} 38. Qe4 {[%emt 0:00:52]} Kg8 {[%emt 0:09:28]} 39. Nd7 {[%emt 0:00:05]} Re6 {[%emt 0:00:34]} 40. Qd5 {[%emt 0:00:16]} Qxd5 {[%emt 0:02:04]} 41. Rxd5 {[%emt 0:00:51]} Rfe8 {[%emt 0:03:29]} 42. Rxb5 {[%emt 0:00:48]} Re1+ {[%emt 0:00:35]} 43. Rxe1 {[%emt 0:00:10]} Rxe1+ {[%emt 0:00:04]} 44. Kh2 {[%emt 0:00:05]} Nc6 {[%emt 0:01:01]} 45. Rf5 {[%emt 0:08:42]} Re7 {[%emt 0:02:05]} 46. Rf8+ {[%emt 0:02:45]} Kh7 {[%emt 0:00:06]} 47. Nc5 {[%emt 0:00:13]} Ne5 {[%emt 0:01:42]} 48. f3 {[%emt 0:01:07]} Nd7 {[%emt 0:01:16]} 49. Nxd7 {[%emt 0:00:33]} Rxd7 {[%emt 0:00:06]} 50. Rf5 {[%emt 0:00:17]} g6 {[%emt 0:00:21]} 51. Ra5 {[%emt 0:00:16]} h5 {[%emt 0:00:12]} 52. Kh3 {[%emt 0:03:33]} Rd1 {[%emt 0:00:43]} 53. g4 {[%emt 0:00:59]} hxg4+ {[%emt 0:01:14]} 54. Kxg4 {[%emt 0:00:06]} Kh6 {[%emt 0:00:54]} 55. Ra7 {[%emt 0:02:05]} Rd5 {[%emt 0:00:33]} 56. f4 {[%emt 0:00:43]} Rf5 {[%emt 0:01:59]} 57. g3 {[%emt 0:00:44]} Rf6 {[%emt 0:00:55]} 58. Ra5 {[%emt 0:02:00]} Rb6 {[%emt 0:01:40]} 59. Re5 {[%emt 0:00:32]} Ra6 {[%emt 0:01:06]} 60. Kf3 {[%emt 0:00:07]} Kg7 {[%emt 0:02:52]} 61. g4 {[%emt 0:00:27]} Ra3+ {[%emt 0:00:35]} 62. Kg2 {[%emt 0:00:31]} Ra4 {[%emt 0:00:33]} 63. Kg3 {[%emt 0:00:07]} Rb4 {[%emt 0:00:40]} 64. Ra5 {[%emt 0:00:09]} Rc4 {[%emt 0:02:23]} 65. Ra7+ {[%emt 0:00:19]} Kg8 {[%emt 0:00:10]} 66. Kf3 {[%emt 0:00:20]} Rb4 {[%emt 0:00:14]} 67. Ke3 {[%emt 0:00:12]} g5 {[%emt 0:00:52]} 68. fxg5 {[%emt 0:00:33]} 1/2-1/2

[Event "Fagernes GM-A 2019"]
[Site "Fagernes"]
[Date "2019.04.19"]
[Round "7.19"]
[White "Bjerke, Richard"]
[Black "Machlik, Edit"]
[Result "1/2-1/2"]
[WhiteElo "2156"]
[BlackElo "2109"]
[Annotator "NA"]
[PlyCount "88"]
[EventDate "2019.04.14"]
[EventType "tourn"]
[EventCountry "NOR"]
[SourceTitle "playchess.com"]
[Source "ChessBase"]
[SourceQuality "1"]
[TimeControl "40/7200:3600"]

1. d4 {[%emt 0:00:05]} Nf6 {[%emt 0:00:10]} 2. c4 {[%emt 0:00:17]} e6 {[%emt 0:00:05]} 3. Nc3 {[%emt 0:00:34]} Bb4 {[%emt 0:00:27]} 4. e3 {[%emt 0:00:26]} O-O {[%emt 0:00:50]} 5. Bd3 {[%emt 0:00:35]} d5 {[%emt 0:07:46]} 6. Nf3 {[%emt 0:01:21]} c5 {[%emt 0:00:42]} 7. O-O {[%emt 0:00:49]} dxc4 {[%emt 0:03:33]} 8. Bxc4 {[%emt 0:00:13]} cxd4 {[%emt 0:01:00]} 9. exd4 {[%emt 0:00:13]} b6 {[%emt 0:02:15]} 10. Qe2 {[%emt 0:02:48]} Bb7 {[%emt 0:03:39]} 11. Rd1 {[%emt 0:00:14]} Bxc3 {[%emt 0:11:09]} 12. bxc3 {[%emt 0:00:35]} h6 {[%emt 0:11:05]} 13. Bd3 {[%emt 0:25:02]} Qc7 {[%emt 0:06:15]} 14. c4 {[%emt 0:03:04]} Nc6 {[%emt 0:04:09]} 15. Ba3 {[%emt 0:10:58]} Rfd8 {[%emt 0:02:16]} 16. h3 {[%emt 0:00:44]} Rac8 {[%emt 0:05:18]} 17. Qe3 {[%emt 0:06:15]} Ba6 {[%emt 0:12:25]} 18. Rac1 {[%emt 0:09:21]} Qb7 {[%emt 0:09:48]} 19. Qf4 {[%emt 0:06:20]} b5 {[%emt 0:16:50]} 20. Rb1 {[%emt 0:05:32]} b4 {[%emt 0:00:04]} 21. Bb2 {[%emt 0:04:39]} Qc7 {[%emt 0:05:17]} 22. Qh4 {[%emt 0:01:29]} Ne8 {[%emt 0:05:41]} 23. Bc1 {[%emt 0:07:52]} Qe7 {[%emt 0:01:44]} 24. Qxe7 {[%emt 0:01:21]} Nxe7 {[%emt 0:00:04]} 25. Rxb4 {[%emt 0:00:09]} Nc6 {[%emt 0:01:46]} 26. Ra4 {[%emt 0:00:41]} Bb7 {[%emt 0:00:01]} 27. Ba3 {[%emt 0:02:44]} Nf6 {[%emt 0:01:01]} 28. Bc5 {[%emt 0:03:42]} a6 {[%emt 0:01:14]} 29. Bb6 {[%emt 0:00:59]} Rd7 {[%emt 0:00:18]} 30. Ne5 {[%emt 0:07:00]} Nxe5 {[%emt 0:00:02]} 31. dxe5 {[%emt 0:00:17]} Ne4 {[%emt 0:01:19]} 32. Ra3 {[%emt 0:04:11]} g6 {[%emt 0:00:14]} 33. Be3 {[%emt 0:00:39]} Kg7 {[%emt 0:00:15]} 34. Rb1 {[%emt 0:00:10]} Nc5 {[%emt 0:00:50]} 35. Bxc5 {[%emt 0:01:56]} Rxc5 {[%emt 0:00:00]} 36. f4 {[%emt 0:00:37]} g5 {[%emt 0:00:01]} 37. g3 {[%emt 0:00:22]} Rxd3 {[%emt 0:00:12]} 38. Rxd3 {[%emt 0:01:11]} Be4 {[%emt 0:00:01]} 39. Rbd1 {[%emt 0:01:08]} Bxd3 {[%emt 0:00:01]} 40. Rxd3 {[%emt 0:00:09]} Rxc4 {[%emt 0:00:00]} 41. fxg5 {[%emt 1:02:23]} hxg5 {[%emt 1:00:07]} 42. Ra3 {[%emt 0:00:27]} Rc6 {[%emt 0:00:00]} 43. Ra5 {[%emt 0:00:00]} Kg6 {[%emt 0:00:00]} 44. g4 {[%emt 0:00:00]} Kg7 {[%emt 0:00:00]} 1/2-1/2

[Event "Fagernes GM-A 2019"]
[Site "Fagernes"]
[Date "2019.04.19"]
[Round "7.20"]
[White "Gronnestad, Anita"]
[Black "Lillevold, Frode"]
[Result "1-0"]
[WhiteElo "1954"]
[BlackElo "2076"]
[Annotator "NA"]
[PlyCount "81"]
[EventDate "2019.04.14"]
[EventType "tourn"]
[EventCountry "NOR"]
[SourceTitle "playchess.com"]
[Source "ChessBase"]
[SourceQuality "1"]
[TimeControl "40/7200:3600"]

1. c4 {[%emt 0:00:03]} e6 {[%emt 0:00:02]} 2. d4 {[%emt 0:00:08]} d5 {[%emt 0:00:06]} 3. Nc3 {[%emt 0:00:06]} c6 {[%emt 0:00:11]} 4. e3 {[%emt 0:01:12]} Nf6 {[%emt 0:00:21]} 5. Nf3 {[%emt 0:00:33]} Nbd7 {[%emt 0:00:10]} 6. Bd3 {[%emt 0:01:03]} dxc4 {[%emt 0:00:30]} 7. Bxc4 {[%emt 0:00:07]} b5 {[%emt 0:00:08]} 8. Bd3 {[%emt 0:00:14]} a6 {[%emt 0:00:17]} 9. e4 {[%emt 0:00:44]} c5 {[%emt 0:00:48]} 10. d5 {[%emt 0:06:33]} Bb7 {[%emt 0:06:50]} 11. dxe6 {[%emt 0:10:53]} fxe6 {[%emt 0:00:15]} 12. O-O {[%emt 0:01:52]} c4 {[%emt 0:06:16]} 13. Bc2 {[%emt 0:04:32]} Qc7 {[%emt 0:00:04]} 14. Ng5 {[%emt 0:06:44]} Nc5 {[%emt 0:05:15]} 15. e5 {[%emt 0:10:52]} Qc6 {[%emt 0:11:55]} 16. f3 {[%emt 0:00:33]} Nd5 {[%emt 0:05:24]} 17. Nxd5 {[%emt 0:05:38]} Qxd5 {[%emt 0:02:38]} 18. Qxd5 {[%emt 0:00:48]} Bxd5 {[%emt 0:00:45]} 19. Bxh7 {[%emt 0:01:07]} Be7 {[%emt 0:24:14]} 20. Bg6+ {[%emt 0:01:17]} Kd7 {[%emt 0:00:01]} 21. Rd1 {[%emt 0:02:53]} Kc6 {[%emt 0:01:18]} 22. Be3 {[%emt 0:07:22]} b4 {[%emt 0:08:56]} 23. Rac1 {[%emt 0:05:44]} Kb5 {[%emt 0:04:14]} 24. h3 {[%emt 0:09:43]} a5 {[%emt 0:05:17]} 25. Nf7 {[%emt 0:16:58]} Rhc8 {[%emt 0:09:29]} 26. h4 {[%emt 0:01:20]} a4 {[%emt 0:02:40]} 27. Bg5 {[%emt 0:05:48]} Bxg5 {[%emt 0:05:15]} 28. Nd6+ {[%emt 0:00:15]} Ka6 {[%emt 0:10:39]} 29. hxg5 {[%emt 0:00:04]} Nd7 {[%emt 0:00:20]} 30. Nxc8 {[%emt 0:00:25]} Rxc8 {[%emt 0:00:26]} 31. f4 {[%emt 0:01:47]} Kb5 {[%emt 0:00:36]} 32. Bf5 {[%emt 0:01:50]} Nb6 {[%emt 0:01:12]} 33. Bg4 {[%emt 0:00:36]} c3 {[%emt 0:00:33]} 34. bxc3 {[%emt 0:00:32]} Rxc3 {[%emt 0:00:19]} 35. Be2+ {[%emt 0:01:13]} Bc4 {[%emt 0:00:33]} 36. Kf2 {[%emt 0:01:09]} Nd5 {[%emt 0:00:56]} 37. f5 {[%emt 0:03:38]} Bxe2 {[%emt 0:00:28]} 38. Rxd5+ {[%emt 0:01:22]} exd5 {[%emt 0:00:03]} 39. Rxc3 {[%emt 0:00:07]} bxc3 {[%emt 0:00:03]} 40. Kxe2 {[%emt 0:00:07]} Kc4 {[%emt 0:00:29]} 41. e6 {[%emt 1:00:09]} 1-0

[Event "Fagernes GM-A 2019"]
[Site "Fagernes"]
[Date "2019.04.20"]
[Round "8.1"]
[White "Demchenko, Anton"]
[Black "Hauge, Lars Oskar"]
[Result "1-0"]
[WhiteElo "2661"]
[BlackElo "2472"]
[Annotator "TA"]
[PlyCount "71"]
[EventDate "2019.04.14"]
[EventType "tourn"]
[EventCountry "NOR"]
[SourceTitle "playchess.com"]
[Source "ChessBase"]
[SourceQuality "1"]

{[%evp 18,71,33,49,79,66,81,72,73,81,75,78,68,75,90,82,69,57,70,72,69,4,0,0,41,53,25,44,145,132,135,140,328,325,358,352,338,366,379,405,391,366,410,424,424,398,422,415,362,301,1842,1827,29976,29976,5422,5414]} 1. e4 e5 2. Nf3 Nc6 3. Bc4 Nf6 4. d3 h6 5. c3 d6 6. O-O g6 7. d4 Qe7 8. Re1 Bg7 9. Nbd2 {[%cal Bb1d2,Bd2f1,Bf1g3][%mdl 32]} O-O 10. h3 Kh8 {C55: Two Knights: 4 d3, 4 d4 exd4 5 e5 and Max Lange Attack} 11. Nf1 exd4 12. cxd4 Nxe4 {White is better.} 13. d5 {Bd3 is the strong threat.} Nb4 {[%cal Bc6b4,Bb4a6,Ba6c5,Bc5d7,Bd7f6][%mdl 32] [#]} 14. a3 $146 {[%mdl 1024] Black must now prevent Ng3. White has strong compensation.} ({Predecessor:} 14. Ng3 f5 15. Bd2 a5 16. a3 Na6 17. Qc1 Kh7 18. Bxa5 {½-½ (25) Demchenko,A (2600)-Amin,B (2654) Abu Dhabi 2016}) 14... Na6 15. Ra2 Nac5 16. Ng3 f5 17. b4 Nd7 18. Rae2 {[%cal Rg3e4]} Ndf6 19. Nh4 (19. Bb2 $14) 19... Qf7 $11 {Strongly threatening ...Nc3.} 20. Bb2 Bd7 21. f3 $36 {[%mdl 2048] White fights for an advantage.} Nxg3 22. Re7 g5 ({Black should try} 22... Kh7 $14) 23. Rxf7 $16 Rxf7 24. Ng6+ Kh7 $2 {[#]} (24... Kg8 $16 {was worth a try.} 25. Ne7+ Kf8) 25. Ne5 $1 $18 {[%cal Re5f7]} dxe5 26. d6 {[%mdl 64] Discovered Attack} Rff8 {aiming for ...cxd6.} 27. dxc7 f4 28. Rxe5 Bf5 {intending ...Ng8.} 29. Re7 Kg6 30. Qb3 h5 {[#]} 31. h4 $1 {[%mdl 512]} gxh4 32. Be5 Kh7 33. Bf7 ({Don't take} 33. Bxf4 Rae8 $18) 33... Bg6 $2 (33... Ng8 34. Bg6+ {[%mdl 64] Decoy} Kxg6 35. Rxg7+ Kh6) 34. Bxg6+ Kxg6 35. Qd3+ Nf5 {[#]} 36. Rxg7+ $1 {[%mdl 576] Pin, Promotion. Accuracy: White = 79%, Black = 50%.} 1-0

[Event "Fagernes GM-A 2019"]
[Site "Fagernes"]
[Date "2019.04.20"]
[Round "8.2"]
[White "Alekseev, Evgeny"]
[Black "Vovk, Andriy"]
[Result "1/2-1/2"]
[WhiteElo "2649"]
[BlackElo "2616"]
[Annotator "TA"]
[PlyCount "63"]
[EventDate "2019.04.14"]
[EventType "tourn"]
[EventCountry "NOR"]
[SourceTitle "playchess.com"]
[Source "ChessBase"]
[SourceQuality "1"]

{[%evp 21,63,65,66,47,120,30,38,0,77,58,64,70,69,44,62,35,51,36,84,75,77,44,44,43,128,138,137,19,20,-14,-15,-23,0,0,0,-18,-13,-33,14,9,29,37,21,27]} 1. e4 c5 2. Nf3 d6 3. d4 cxd4 4. Nxd4 Nf6 5. Nc3 Nc6 6. Bg5 e6 7. Qd2 a6 8. O-O-O Bd7 9. f4 b5 10. Bxf6 gxf6 11. Kb1 Qb6 12. Nf3 {B67: Sicilian: Richter-Rauzer: 7...a6 8 0-0-0 Bd7, lines without 9 f4 Be7} Qc5 {[#]} (12... Be7 $14) 13. Bd3 ({Better is} 13. e5 $1 $16 fxe5 14. Ne4) 13... Be7 14. Rhf1 {White is slightly better.} Bd8 (14... b4 $1 $11 15. Na4 Qa7) 15. Ne2 {[#]} Ba5 $146 ({Predecessor:} 15... Bb6 16. f5 Qe3 17. Qe1 Qh6 18. g4 Rg8 19. Qg3 e5 20. Nc3 Ne7 21. Be2 {1-0 (54) Smirin,I (2615)-Kupreichik,V (2545) Moscow 1994}) 16. Qc1 h5 17. Nd2 Bc7 18. c3 Qa7 19. Nb3 Ne7 20. Qd2 a5 21. Nbd4 Qb7 22. Rc1 e5 {[#]} ({Black should try} 22... h4 $14) 23. fxe5 $1 $16 dxe5 24. Nb3 (24. Rxf6 $16 {Strongly threatening Rcf1.} exd4 {[%mdl 64] Discovered Attack} 25. cxd4) 24... Qc6 $11 25. c4 b4 26. Qe3 h4 27. c5 O-O-O 28. Ka1 Rhg8 29. Rf2 Rg6 (29... f5 $5 30. exf5 Nd5 $11) 30. Ng1 Rdg8 31. Qe2 Kb8 32. Nd2 {Accuracy: White = 51%, Black = 38%.} 1/2-1/2

[Event "Fagernes GM-A 2019"]
[Site "Fagernes"]
[Date "2019.04.20"]
[Round "8.3"]
[White "Urkedal, Frode Olav Olsen"]
[Black "Romanov, Evgeny"]
[Result "1/2-1/2"]
[WhiteElo "2513"]
[BlackElo "2576"]
[Annotator "ChessBase"]
[PlyCount "92"]
[EventDate "2019.04.14"]
[EventType "tourn"]
[EventCountry "NOR"]
[SourceTitle "playchess.com"]
[Source "ChessBase"]
[SourceQuality "1"]
[TimeControl "40/7200:3600"]

1. d4 {[%emt 0:00:02]} d5 {[%emt 0:09:34]} 2. c4 {[%emt 0:00:07]} e6 {[%emt 0:00:04]} 3. Nc3 {[%emt 0:00:05]} Bb4 {[%emt 0:00:05]} 4. cxd5 {[%emt 0:00:42]} exd5 {[%emt 0:00:08]} 5. Nf3 {[%emt 0:00:03]} Ne7 {[%emt 0:02:35]} 6. Bf4 {[%emt 0:01:09]} O-O {[%emt 0:02:28]} 7. e3 {[%emt 0:00:09]} c6 {[%emt 0:01:02]} 8. Bd3 {[%emt 0:03:04]} Bf5 {[%emt 0:01:30]} 9. O-O {[%emt 0:00:11]} Bxd3 {[%emt 0:03:40]} 10. Qxd3 {[%emt 0:00:06]} Ng6 {[%emt 0:00:30]} 11. Bg3 {[%emt 0:00:55]} a5 {[%emt 0:01:17]} 12. h4 {[%emt 0:05:32]} Re8 {[%emt 0:14:04]} 13. h5 {[%emt 0:08:51]} Nf8 {[%emt 0:00:12]} 14. Rfe1 {[%emt 0:04:36]} Nbd7 {[%emt 0:02:15]} 15. a3 {[%emt 0:05:19]} Be7 {[%emt 0:01:18]} 16. e4 {[%emt 0:04:59]} Nf6 {[%emt 0:03:06]} 17. exd5 {[%emt 0:09:41]} Nxd5 {[%emt 0:01:35]} 18. Re5 {[%emt 0:02:07]} Bf6 {[%emt 0:04:08]} 19. Rxe8 {[%emt 0:00:35]} Qxe8 {[%emt 0:00:02]} 20. Nxd5 {[%emt 0:00:26]} cxd5 {[%emt 0:00:07]} 21. Rc1 {[%emt 0:06:04]} Ne6 {[%emt 0:05:12]} 22. h6 {[%emt 0:10:26]} g6 {[%emt 0:11:38]} 23. Qb3 {[%emt 0:15:31]} Rc8 {[%emt 0:00:14]} 24. Re1 {[%emt 0:03:08]} Qc6 {[%emt 0:02:53]} 25. Ne5 {[%emt 0:06:03]} Nxd4 {[%emt 0:19:47]} 26. Nxc6 {[%emt 0:00:08]} Nxb3 {[%emt 0:00:04]} 27. Ne7+ {[%emt 0:00:05]} Bxe7 {[%emt 0:00:05]} 28. Rxe7 {[%emt 0:00:03]} d4 {[%emt 0:00:04]} 29. Rd7 {[%emt 0:00:35]} b5 {[%emt 0:08:28]} 30. Be5 {[%emt 0:02:19]} Kf8 {[%emt 0:00:56]} 31. Bf6 {[%emt 0:00:08]} Ke8 {[%emt 0:00:59]} 32. Rd5 {[%emt 0:01:40]} a4 {[%emt 0:04:14]} 33. g4 {[%emt 0:03:28]} Nc5 {[%emt 0:01:17]} 34. Bxd4 {[%emt 0:02:42]} Ne6 {[%emt 0:00:33]} 35. Bf6 {[%emt 0:05:34]} Rc5 {[%emt 0:01:45]} 36. Rd6 {[%emt 0:00:29]} g5 {[%emt 0:04:58]} 37. f3 {[%emt 0:04:03]} Rc1+ {[%emt 0:03:19]} 38. Kf2 {[%emt 0:00:07]} Rh1 {[%emt 0:01:01]} 39. Ke3 {[%emt 0:07:15]} Re1+ {[%emt 0:01:11]} 40. Kf2 {[%emt 0:00:19]} Rh1 {[%emt 0:00:13]} 41. Bg7 {[%emt 0:18:54]} Nf4 {[%emt 0:00:18]} 42. Ra6 {[%emt 0:03:10]} Rh2+ {[%emt 0:00:54]} 43. Ke3 {[%emt 0:01:09]} Re2+ {[%emt 0:01:16]} 44. Kd4 {[%emt 0:00:04]} Rxb2 {[%emt 0:00:25]} 45. Ra8+ {[%emt 0:08:06]} Ke7 {[%emt 0:00:41]} 46. Ra7+ {[%emt 0:05:00]} Ke6 {[%emt 0:07:04]} 1/2-1/2

[Event "Fagernes GM-A 2019"]
[Site "Fagernes"]
[Date "2019.04.20"]
[Round "8.4"]
[White "Gullaksen, Eirik"]
[Black "Postny, Evgeny"]
[Result "0-1"]
[WhiteElo "2324"]
[BlackElo "2612"]
[Annotator "TA"]
[PlyCount "78"]
[EventDate "2019.04.14"]
[EventType "tourn"]
[EventCountry "NOR"]
[SourceTitle "playchess.com"]
[Source "ChessBase"]
[SourceQuality "1"]

{[%evp 16,120,7,9,29,26,31,37,25,20,81,10,0,0,0,0,0,0,16,22,39,-41,-31,-40,-31,-32,-31,-44,-37,-45,-50,-72,-69,-81,-76,-83,-85,-67,-33,-44,18,4,10,-77,-81,-346,-341,-381,-381,-354,-359,-365,-378,-526,-517,-461,-297,-280,-276,-321,-300,-315,-330,-397,-396,-379,-380,-378,-371,-352,-314,-324,-326,-453,-439,-439,-461,-433,-338,-398,-353,-422,-404,-793,-792,-741,-691,-810,-823,-906,-899,-1177,-1157,-1055,-1027,-1023,-863,-1133,-1053,-1400,-1201,-29966,-29968,-29994,-29994,-29998,-29999]} 1. e4 e5 2. Nf3 Nc6 3. Bb5 a6 4. Ba4 Nf6 5. O-O Be7 6. Bxc6 dxc6 7. d3 Nd7 8. Nbd2 f6 9. Nc4 c5 {C85: Closed Ruy Lopez: Deferred Exchange Variation} (9... Nc5 10. Nh4 g6 11. b3 a5 12. a4 O-O 13. Bb2 Ne6 14. h3 Bc5 15. Nf3 b6 16. Qd2 Qe7 17. Rad1 Ba6 {0-1 (65) Kokarev,D (2598)-Alekseenko,K (2638) Khanty-Mansiysk 2018}) 10. Nh4 {Qh5+ is the strong threat.} g6 11. f4 exf4 {White is slightly better.} 12. Bxf4 {Black should prevent Nf5.} Nf8 $146 (12... Nb6 $11 {keeps the balance.}) ({Predecessor:} 12... O-O 13. Nf3 b5 14. Na5 Bd6 15. Qd2 Qe8 16. Rae1 Ne5 17. c3 Nxf3+ 18. Rxf3 {1-0 (32) Schnider,G (2309)-Schink,B (2043) Graz 2009}) 13. Nf3 (13. Nf5 $16) 13... Be6 $11 14. Ne3 h5 15. Bg3 Qd7 $1 16. Be1 O-O-O 17. Bc3 Rh7 18. Nh4 ({White should play} 18. Nd2 $14) 18... f5 $15 19. exf5 Bxh4 20. fxe6 Nxe6 21. Nc4 Nd4 22. Ne5 Qd5 23. Nf3 Bf6 24. Kh1 Re7 25. Nd2 Bg7 (25... Re2 26. Ne4 $16) 26. Bxd4 Bxd4 27. Rb1 $1 Qxa2 (27... h4 $15) 28. c3 $1 $11 {[%cal Rc3d4]} Bxc3 $1 29. Nc4 (29. bxc3 $11 Rxd3 30. Rf8+ Kd7 31. Rf2) 29... Red7 $17 30. Qe2 $2 {[%mdl 8192]} (30. bxc3 $17 Rxd3 {[%mdl 64] Double Attack} 31. Qb3 Qxb3 32. Rxb3) 30... Bh8 $19 31. Qe6 Kb8 32. Ra1 Qb3 33. Ra3 Qb5 34. Qxg6 Bxb2 35. Ra5 Qb3 36. Nxb2 Qxb2 37. Qxh5 Rg8 {[%csl Gg8][%cal Rb2g2]} ({Don't play} 37... Rxd3 38. Rxc5 b6 39. Qe5 $19) 38. Rg1 Rdg7 {[%cal Rg7g2]} ({Weaker is} 38... Rxd3 39. Rxc5 Qd4 40. Qe5 $19) 39. Qd5 {[#]} Rg5 {Played: Rg7xg2} 0-1

[Event "Fagernes GM-A 2019"]
[Site "Fagernes"]
[Date "2019.04.20"]
[Round "8.5"]
[White "Royset, Pal"]
[Black "Turov, Maxim"]
[Result "0-1"]
[WhiteElo "2167"]
[BlackElo "2584"]
[Annotator "TA"]
[PlyCount "56"]
[EventDate "2019.04.14"]
[EventType "tourn"]
[EventCountry "NOR"]
[SourceTitle "playchess.com"]
[Source "ChessBase"]
[SourceQuality "1"]

{[%evp 9,56,4,12,0,0,0,11,-2,0,-43,-33,-46,-28,-86,-85,-77,-67,-92,-102,-176,-179,-164,-184,-145,-85,-57,-50,-288,-296,-268,-288,-259,-253,-235,-243,-317,-311,-303,-304,-314,-298,-312,-310,-358,-345,-370,-346,-350,-325]} 1. e4 c6 2. d4 d5 3. exd5 cxd5 4. Nf3 Nc6 5. Ne5 (5. Bb5 e6 6. O-O Bd6 7. c4 Nge7 8. Nc3 O-O 9. c5 Bc7 10. a3 e5 11. Bxc6 Nxc6 12. dxe5 d4 13. Nb5 {½-½ (60) Karjakin,S (2753)-Mamedyarov,S (2817) St Petersburg 2018}) 5... a6 6. c3 {B13: Caro-Kann: Exchange Variation and Panov-Botvinnik Attack} Nxe5 7. dxe5 Bf5 8. Na3 $146 {The position is equal.} ({Predecessor:} 8. Bd3 Bxd3 9. Qxd3 e6 10. Be3 Qc7 11. f4 Ne7 {½-½ (34) Jansen,D (2142)-Heller,A (2055) Germany 2017}) 8... Rc8 9. g4 Be4 10. f3 {Strongly threatening Qa4+.} Bg6 $1 11. h4 {[#]} (11. e6 $11 {keeps the balance.}) 11... h5 $1 $17 12. e6 Qd6 13. exf7+ Kxf7 {aiming for ...Qg3+.} 14. g5 (14. Rh3 $17 {is a better defense.}) 14... Qg3+ $19 15. Ke2 e6 {And now ...Bxa3 would win.} 16. Nc2 Bxc2 (16... Bc5 $142 {[%csl Gc5][%cal Rg3f2]} 17. Nd4 Ne7) 17. Qxc2 $17 Bc5 $36 {[%mdl 2048] ...Qf2+ is the strong threat. Black has good play.} 18. Be3 $2 (18. Qd3 $15) 18... Bxe3 $19 19. Kxe3 {[#]} d4+ $1 {[%mdl 512]} 20. Ke2 (20. cxd4 Rxc2) 20... Ne7 21. Rh3 Qe5+ 22. Qe4 Qb5+ {[%mdl 64] Double Attack} 23. Ke1 Qxb2 {[%mdl 64] Double Attack} 24. Rb1 Qxc3+ 25. Kf2 b5 26. Bd3 Qd2+ 27. Qe2 Qxe2+ 28. Kxe2 Nd5 {Accuracy: White = 30%, Black = 87%.} 0-1